| 000 | 01250nam a22003977a 4500 | ||
|---|---|---|---|
| 001 | 2053577 | ||
| 003 | OSt | ||
| 005 | 20210426120254.0 | ||
| 008 | 931008s1995 nyuah b 001 0 eng d | ||
| 010 | _a 93061369 | ||
| 020 | _a0500016089 | ||
| 035 | _a(OCoLC)32532347 | ||
| 040 |
_aMNoW _cMNoW _dIU _dDLC _beng |
||
| 041 | _aeng | ||
| 042 | _alccopycat | ||
| 050 | 0 | 4 |
_aP211 _b.D75 1995 |
| 080 |
_a811 _bD-83 |
||
| 082 | 0 | 0 |
_a411 _220 |
| 100 | 1 |
_aDrucker, Johanna, _d1952- |
|
| 245 | 1 | 4 |
_aThe alphabetic labyrinth : _bthe letters in history and imagination / _c/ by: Thames and Hudson |
| 260 |
_aNew York, N.Y. : _bThames and Hudson _cc1995. |
||
| 300 |
_a320 p. _bill., facsims. _c27 cm. |
||
| 365 | _b45 usd | ||
| 500 | _aIncludes index. | ||
| 504 | _aBibliography: p. 312-315. | ||
| 650 | 0 |
_aAlphabet _xHistory. |
|
| 650 | 0 |
_aLinguistics _9445 |
|
| 650 | 0 | _aAlphabets. | |
| 653 | _aლინგვისტიკა | ||
| 653 | _aანბანი | ||
| 653 | _aისტორია | ||
| 906 |
_a7 _bcbc _ccopycat _d2 _eopcn _f19 _gy-gencatlg |
||
| 942 |
_2udc _cBK |
||
| 999 |
_c1030 _d1030 |
||